Alphabetical Recharge/ (Record no. 206857)

MARC details
000 -LEADER
fixed length control field 00650nam a22001937a 4500
005 - DATE AND TIME OF LATEST TRANSACTION
control field 20241029141129.0
010 ## - LCCN (DPL NO)
LC control number ENG-142531
020 ## - INTERNATIONAL STANDARD BOOK NUMBER
International Standard Book Number 9789358191448
Terms of availability 299.00
035 ## - SYSTEM CONTROL NUMBER
System control number EN-126063
037 ## - SOURCE OF ACQUISITION
Source of stock number/acquisition DBAD
082 ## - DEWEY DECIMAL CLASSIFICATION NUMBER
Classification number 305.4
100 ## - MAIN ENTRY--PERSONAL NAME
Personal name Claire,Karen
245 ## - TITLE STATEMENT
Title Alphabetical Recharge/
Statement of responsibility, etc Karen Claire
250 ## - EDITION STATEMENT
Edition statement First
260 ## - PUBLICATION, DISTRIBUTION, ETC. (IMPRINT)
Place of publication, distribution, etc Uttar Pradesh
Name of publisher, distributor, etc Bluerose Publisher
Date of publication, distribution, etc 2023
270 ## - ADDRESS
Address ABL Workspaces, B-6, Amaltash Marg, Block B, Sector 4, Noida,
City Uttar Pradesh
Postal code 201301
Telephone number 8882898898
Electronic mail address info@bluerosepublisher.com
300 ## - PHYSICAL DESCRIPTION
Extent 112p.
Dimensions 20cm(pbk)
942 ## - ADDED ENTRY ELEMENTS (KOHA)
Source of classification or shelving scheme Dewey Decimal Classification
Item type English Books
Classification part 305.4
Call number suffix CLA
Edition 2023
Holdings
Withdrawn status Lost status Not for loan Collection code Home library Current library Date acquired Source of acquisition Cost, normal purchase price Full call number Barcode Copy number Cost, replacement price Koha item type
      Non-fiction Bawana Bawana 29/10/2024 DBAD 299.00 305.4 CLA EN-126063 1 299.00 English Books

© Delhi Public Library
Hit Counter
free hit counter